000
00310nam a2200145Ia 4500
003
OSt
005
20240307124142.0
008
170524s9999 xx 000 0 und d
020
_a
NA
040
_c
IIMTU
100
_a
GUPTA - K K
245
0
_a
YANTRIK ABHIYANTRAN DRAWING
260
_b
ASIAN
942
_2
ddc
_c
02
999
_c
7802
_d
7802